|
|
|
|
| LEADER |
00000nam0a2200000 4500 |
| 001 |
246594 |
| 005 |
20231101232224.0 |
| 035 |
|
|
|a (RuTPU)RU\TPU\book\268047
|
| 090 |
|
|
|a 246594
|
| 100 |
|
|
|a 20131206d2012 m y0rusy50 ca
|
| 101 |
0 |
|
|a rus
|
| 102 |
|
|
|a RU
|
| 105 |
|
|
|a a z 001zy
|
| 200 |
1 |
|
|a Какая форма у бесконечности
|f Ю. А. Лобанов
|
| 210 |
|
|
|a Томск
|c Star
|d 2012
|
| 215 |
|
|
|a 235 с.
|c ил.
|
| 320 |
|
|
|a Библиография в конце работ.
|
| 606 |
1 |
|
|a Теософия
|2 stltpush
|3 (RuTPU)RU\TPU\subj\59515
|9 77026
|
| 610 |
1 |
|
|a окультная философия
|
| 610 |
1 |
|
|a эзотерическая философия
|
| 610 |
1 |
|
|a личность
|
| 610 |
1 |
|
|a мироздание
|
| 610 |
1 |
|
|a миропорядок
|
| 610 |
1 |
|
|a миропонимание
|
| 686 |
|
|
|a Э441
|v LBC/SL-A
|2 rubbk
|
| 700 |
|
1 |
|a Лобанов
|b Ю. А.
|g Юрий Аркадьевич
|
| 801 |
|
1 |
|a RU
|b 63413507
|c 20131206
|
| 801 |
|
2 |
|a RU
|b 63413507
|c 20131216
|g RCR
|
| 942 |
|
|
|c BK
|